| 000 | 00000nam##2200000za#4500 |
| 001 | 9.579924 |
| 003 | CaOODSP |
| 005 | 20210624190807 |
| 007 | cr ||||||||||| |
| 008 | 150406|2014||||xxc|||||o f|0| 0 eng|d |
| 020 | |a978-1-100-24262-0 |
| 040 | |aCaOODSP|beng |
| 043 | |an-cn--- |
| 086 | 1 |aEm15-2/1-2014E-PDF |
| 110 | 1 |aCanada.|bEmployment and Social Development Canada. |bSkills and Employment Branch. |
| 245 | 10|aCook / |h[electronic resource]|c[by] Trades and Apprenticeship Division, Labour Market Integration Directorate. |
| 260 | |aGatineau - Quebec : |bEmployment and Social Development Canada. |c2014. |
| 300 | |a95p.|btables |
| 490 | 1 |aInterprovincial program guide|vNational Occupational Classification : 7321 |
| 590 | |a15-02|b2015-01-09 |
| 690 | 07|aOccupations|2gcpds |
| 775 | 08|tCuisinier/cuisinière / |w(CaOODSP)9.607143 |
| 830 | #0|aInterprovincial program guide ;|vNational Occupational Classification : 7321|w(CaOODSP)9.505322 |
| 856 | 40|ahttp://publications.gc.ca|qPDF|s667 KB|uhttps://publications.gc.ca/collections/collection_2015/edsc-esdc/Em15-2-1-2014-eng.pdf|yNational Occupational Classification : 7321 |